| 000 | 00836nas a2200277 4500 | ||
|---|---|---|---|
| 001 | BR2013005359 | ||
| 003 | BR-BrBNA | ||
| 005 | 20231205122608.0 | ||
| 007 | ta | ||
| 008 | 230509b bl.|||p| |||| 00| 00por d | ||
| 040 |
_aBR-BrBNA _bpor _cBiblioteca Nacional de Agricultura |
||
| 041 | _a(Es, Pt) | ||
| 072 | _aM11 | ||
| 100 | 1 | _aWodley, T. | |
| 245 | 1 | _aA pesca na Argentina: três espécies são o pilar de um setor industrial que exporta pescado por mais de um bilhão | |
| 650 | _aPESCA | ||
| 650 | _aINDÚSTRIA | ||
| 650 | _aARGENTINA | ||
| 650 | _aEXPORTAÇÃO | ||
| 650 | _aMERLUZA | ||
| 650 | _aCAMARÃO | ||
| 650 | _aLULA | ||
| 773 | 0 |
_tRevista Aquicultura e Pesca (Brazil) _xISSN 1807-9741 _g(Jan-Fev 2009), v. 5(37) p. 56-66 _wBR2013005359 |
|
| 909 |
_a202311 _bLúcia _c55 _dLúcia Elande |
||
| 942 |
_2AGRIS _n0 _cANA |
||
| 999 |
_c229485 _d229485 |
||